000 00609nam a22002297a 4500
003 UA-OsUOA
001 21886
007 ta
008 20031215b un ||||| |||| 00| 0 ukr d
100 _aПобожій С.Сергій
090 _a74
_bП41
942 _cSA
040 _aUA-OsUOA
_bukr
_cUA-OsUOA
_dUA-OsUOA
245 _aІсторик мистецтва Єгор Рєдін
_bПро Рєдіна Є.
300 _aС.70-78
955 _a0
041 _aukr
080 _a74
044 _aUA
773 0 _w0
_tПам'ятки України
_dК.
_d2003
_g№3
650 7 _aМистецтво
_2UDC
999 _c308096
_d308096